[Event "NB2 Barcza csoport"]
[Site "Debrecen"]
[Date "2024.12.01"]
[Round "3.4"]
[White "Kelemen, Imre"]
[Black "Vanczak, Attila"]
[Result "1-0"]
[WhiteElo "1997"]
[BlackElo "2118"]
[PlyCount "93"]
[GameId "2119382465089078"]
[EventDate "2024.11.03"]
[EventType "team-tourn"]
[EventRounds "9"]
[EventCountry "HUN"]
[Source "chess.hu"]
[WhiteTeam "Karsol-DSBK"]
[BlackTeam "M.Sportisk-KisBocsok"]
[WhiteTeamCountry "HUN"]
[BlackTeamCountry "HUN"]

1. Nf3 Nf6 2. g3 Nc6 3. Bg2 e5 4. d3 Be7 5. c4 d6 6. Nc3 O-O 7. a3 Bg4 8. h3 Be6 9. O-O h6 10. Be3 Qd7 11. Kh2 Nh7 12. b4 f5 13. b5 Nd8 14. Qc1 Nf7 15. Ng1 c6 16. a4 d5 17. bxc6 bxc6 18. cxd5 cxd5 19. d4 Rfc8 20. dxe5 Rc4 21. Qb2 Bb4 22. Nxd5 Bxd5 23. Rfd1 Bc3 24. Rxd5 Qxd5 25. Bxd5 Bxb2 26. Ra2 Bd4 27. Bxc4 Bxe3 28. fxe3 Kf8 29. Nf3 Rc8 30. Bxf7 Kxf7 31. Rb2 Rc7 32. a5 Ke6 33. a6 Ng5 34. Rb7 Nxf3+ 35. exf3 Rc2+ 36. Kg1 Ra2 37. Rxg7 Kxe5 38. Rxa7 Kd5 39. Ra8 Kc6 40. Rh8 Kc5 41. Rxh6 Kc4 42. h4 Kd3 43. Re6 Ke2 44. Kg2 Ke1+ 45. Kh3 Kf2 46. h5 Kxf3 47. Kh4 1-0

[Event "NB2 Barcza csoport"]
[Site "Debrecen"]
[Date "2024.12.01"]
[Round "3.5"]
[White "Olear, Laszlo"]
[Black "Bodnar, Mate"]
[Result "0-1"]
[WhiteElo "2069"]
[BlackElo "2051"]
[PlyCount "79"]
[GameId "2119382514212422"]
[EventDate "2024.11.03"]
[EventType "team-tourn"]
[EventRounds "9"]
[EventCountry "HUN"]
[Source "chess.hu"]
[WhiteTeam "M.Sportisk-KisBocsok"]
[BlackTeam "Karsol-DSBK"]
[WhiteTeamCountry "HUN"]
[BlackTeamCountry "HUN"]

1. Nf3 Nf6 2. d4 g6 3. g3 Bg7 4. Bg2 O-O 5. O-O d6 6. Re1 Nc6 7. e4 e5 8. c3 Bg4 9. h3 Bxf3 10. Bxf3 exd4 11. cxd4 Nd7 12. d5 Nce5 13. Nc3 Nxf3+ 14. Qxf3 Ne5 15. Qe2 f5 16. f4 Nd7 17. exf5 Rxf5 18. Qe6+ Kh8 19. Bd2 Nb6 20. g4 Rf8 21. b3 Qh4 22. Kg2 Be5 23. Rxe5 dxe5 24. Qxe5+ Qf6 25. Re1 Qxe5 26. fxe5 Nxd5 27. e6 Nxc3 28. Bxc3+ Kg8 29. e7 Rfe8 30. Bf6 a5 31. g5 Ra6 32. Rc1 Rc6 33. Rxc6 bxc6 34. Kf3 Kf7 35. Ke4 Ke6 36. Kd4 Rb8 37. Kc5 Kd7 38. Be5 Rb5+ 39. Kd4 Kxe7 40. Bf6+ 0-1

[Event "NB2 Barcza csoport"]
[Site "Debrecen"]
[Date "2024.12.01"]
[Round "3.6"]
[White "Botragyi, Tibor"]
[Black "Horvath, Peter"]
[Result "1/2-1/2"]
[WhiteElo "1989"]
[BlackElo "1968"]
[PlyCount "92"]
[GameId "2119382552886870"]
[EventDate "2024.11.03"]
[EventType "team-tourn"]
[EventRounds "9"]
[EventCountry "HUN"]
[Source "chess.hu"]
[WhiteTeam "Karsol-DSBK"]
[BlackTeam "M.Sportisk-KisBocsok"]
[WhiteTeamCountry "HUN"]
[BlackTeamCountry "HUN"]

1. d4 d5 2. Nf3 Nf6 3. Bf4 Bf5 4. e3 e6 5. Bd3 Ne4 6. O-O Bd6 7. Ne5 Bxe5 8. Bxe5 f6 9. Bf4 h5 10. f3 Nd6 11. Bxd6 Qxd6 12. Bxf5 exf5 13. Qd3 Nd7 14. Qxf5 O-O-O 15. Nc3 c6 16. a3 g6 17. Qf4 Qe7 18. e4 Nb6 19. exd5 Nxd5 20. Nxd5 Rxd5 21. Rfe1 Qd8 22. c3 g5 23. Qe4 g4 24. f4 g3 25. h3 a6 26. Re3 h4 27. Rae1 Kb8 28. Qg6 Ka7 29. a4 c5 30. Re7 cxd4 31. Qf7 Qb6 32. Qxd5 dxc3+ 33. Kh1 cxb2 34. Rb1 Rc8 35. Qd2 Rd8 36. Qe2 Qc5 37. Qe3 Rd4 38. Re4 Rc4 39. Qxc5+ Rxc5 40. Kg1 Rc2 41. Kf1 Rc1+ 42. Re1 Rc2 43. Rbd1 Rf2+ 44. Kg1 Rc2 45. Kf1 Rf2+ 46. Kg1 Rc2 1/2-1/2

[Event "NB2 Barcza csoport"]
[Site "Debrecen"]
[Date "2024.12.01"]
[Round "3.7"]
[White "Ivan, Reka Gyongyver"]
[Black "Szakaly, Balazs"]
[Result "0-1"]
[WhiteElo "1917"]
[BlackElo "2087"]
[PlyCount "82"]
[GameId "2119382595890794"]
[EventDate "2024.11.03"]
[EventType "team-tourn"]
[EventRounds "9"]
[EventCountry "HUN"]
[Source "chess.hu"]
[WhiteTeam "M.Sportisk-KisBocsok"]
[BlackTeam "Karsol-DSBK"]
[WhiteTeamCountry "HUN"]
[BlackTeamCountry "HUN"]

1. d4 d5 2. Bf4 e6 3. e3 Bd6 4. Bg3 c6 5. Nd2 f5 6. Ngf3 Nf6 7. Bd3 O-O 8. Bh4 Qe8 9. Bxf6 Rxf6 10. O-O Nd7 11. Re1 Qh5 12. Nf1 g5 13. Ne5 Qxd1 14. Nxd7 Bxh2+ 15. Kh1 Bxd7 16. Raxd1 Bd6 17. c4 Raf8 18. Nd2 g4 19. g3 h5 20. c5 Bc7 21. Kg2 Rh6 22. Rh1 Kg7 23. b4 Rfh8 24. Rb1 h4 25. gxh4 Rxh4 26. Rxh4 Rxh4 27. Rh1 Rxh1 28. Kxh1 e5 29. Nb3 Kf6 30. Kg2 f4 31. Kg1 Bf5 32. Bf1 f3 33. b5 exd4 34. Nxd4 Bd7 35. bxc6 bxc6 36. Bd3 Ba5 37. Ba6 Bc3 38. Bd3 Bxd4 39. exd4 Bf5 40. Ba6 Kg5 41. Bb7 Bd7 0-1

[Event "NB2 Barcza csoport"]
[Site "Debrecen"]
[Date "2024.12.01"]
[Round "3.8"]
[White "Szilagyi, Tibor"]
[Black "Szurovszky, Elek"]
[Result "0-1"]
[WhiteElo "2044"]
[BlackElo "1957"]
[PlyCount "56"]
[GameId "2119382640303738"]
[EventDate "2024.11.03"]
[EventType "team-tourn"]
[EventRounds "9"]
[EventCountry "HUN"]
[Source "chess.hu"]
[WhiteTeam "Karsol-DSBK"]
[BlackTeam "M.Sportisk-KisBocsok"]
[WhiteTeamCountry "HUN"]
[BlackTeamCountry "HUN"]

1. e4 e5 2. Nf3 Nc6 3. Bb5 Bc5 4. O-O d6 5. c3 a6 6. Ba4 b5 7. Bb3 Bg4 8. d3 Qf6 9. Be3 Nge7 10. Nbd2 h6 11. Qe2 Be6 12. Bxe6 fxe6 13. Bxc5 dxc5 14. Nb3 Ng6 15. Nxc5 Nf4 16. Qe3 Rd8 17. Rfd1 O-O 18. Rd2 a5 19. Kh1 Rf7 20. d4 exd4 21. cxd4 Rdf8 22. e5 Qg6 23. Nh4 Qh5 24. Nf3 Nxg2 25. Qb3 Rxf3 26. Qxe6+ Kh8 27. Qxc6 Nf4 28. Ne4 Qh3 0-1

[Event "NB2 Barcza csoport"]
[Site "Debrecen"]
[Date "2024.12.01"]
[Round "3.9"]
[White "Pasztor, Lorant"]
[Black "Szava, Miklos"]
[Result "1/2-1/2"]
[WhiteElo "1928"]
[BlackElo "1978"]
[PlyCount "82"]
[GameId "2119382686682762"]
[EventDate "2024.11.03"]
[EventType "team-tourn"]
[EventRounds "9"]
[EventCountry "HUN"]
[Source "chess.hu"]
[WhiteTeam "M.Sportisk-KisBocsok"]
[BlackTeam "Karsol-DSBK"]
[WhiteTeamCountry "HUN"]
[BlackTeamCountry "HUN"]

1. e4 e5 2. Nf3 Nc6 3. Bc4 Nf6 4. d3 Bc5 5. c3 O-O 6. O-O d5 7. exd5 Nxd5 8. b4 Bb6 9. b5 Na5 10. Nxe5 Be6 11. Bd2 Qf6 12. Ng4 Qg6 13. Ne5 Qf5 14. d4 Nxc4 15. Nxc4 Nxc3 16. Ne3 Qxb1 17. Bxc3 Qxb5 18. a4 Qc6 19. Rc1 Rfd8 20. a5 Bxd4 21. Bxd4 Qe4 22. Nc2 c5 23. Re1 Qg6 24. Re3 cxd4 25. Nxd4 Qf6 26. Rd3 Bd5 27. Qg4 h5 28. Qxh5 Be4 29. Rh3 Qh6 30. Qc5 Qg6 31. Rg3 Qf6 32. Ne2 Qd6 33. Qxd6 Rxd6 34. Re3 Rad8 35. f3 Rd1+ 36. Rxd1 Rxd1+ 37. Kf2 Bc6 38. Ra3 Kf8 39. Ke3 Rb1 40. h4 Ke7 41. Nd4 Bd5 1/2-1/2

[Event "NB2 Barcza csoport"]
[Site "Debrecen"]
[Date "2024.12.01"]
[Round "3.10"]
[White "Borbely, Zsombor"]
[Black "Simon, Balint"]
[Result "1-0"]
[WhiteElo "1868"]
[BlackElo "1749"]
[PlyCount "71"]
[GameId "2119382720814746"]
[EventDate "2024.11.03"]
[EventType "team-tourn"]
[EventRounds "9"]
[EventCountry "HUN"]
[Source "chess.hu"]
[WhiteTeam "Karsol-DSBK"]
[BlackTeam "M.Sportisk-KisBocsok"]
[WhiteTeamCountry "HUN"]
[BlackTeamCountry "HUN"]

1. Nf3 Nf6 2. c4 c5 3. Nc3 Nc6 4. d4 cxd4 5. Nxd4 d6 6. e4 g6 7. Be2 Bg7 8. Be3 O-O 9. Rb1 Nxd4 10. Bxd4 b6 11. O-O Bb7 12. Bf3 Rc8 13. Qd3 Ba6 14. b3 Qd7 15. Rfe1 Rfd8 16. Rbd1 Ng4 17. Bxg7 Kxg7 18. e5 Nh6 19. exd6 Nf5 20. Bg4 Qxd6 21. Bxf5 gxf5 22. Qxf5 Qf6 23. Qxf6+ exf6 24. f3 Rxd1 25. Rxd1 Rc7 26. Rd6 Re7 27. Kf2 Bc8 28. Nd5 Re6 29. Rd8 Bb7 30. Nf4 Re7 31. g4 f5 32. Nh5+ Kh6 33. h4 fxg4 34. fxg4 Be4 35. Nf4 Bb1 36. Rg8 1-0

[Event "NB2 Barcza csoport"]
[Site "Debrecen"]
[Date "2024.12.01"]
[Round "3.11"]
[White "Homolya, Daniel"]
[Black "Bekesi, Aron"]
[Result "0-1"]
[WhiteElo "1739"]
[BlackElo "1899"]
[PlyCount "94"]
[GameId "2119382752861866"]
[EventDate "2024.11.03"]
[EventType "team-tourn"]
[EventRounds "9"]
[EventCountry "HUN"]
[Source "chess.hu"]
[WhiteTeam "M.Sportisk-KisBocsok"]
[BlackTeam "Karsol-DSBK"]
[WhiteTeamCountry "HUN"]
[BlackTeamCountry "HUN"]

1. e4 e5 2. Nf3 Nc6 3. Bc4 Bc5 4. c3 Nf6 5. d3 d6 6. Nbd2 O-O 7. Bb3 Bg4 8. h3 Bh5 9. Nf1 Qe7 10. Ng3 Bg6 11. O-O Rad8 12. Nh4 Nd7 13. Nhf5 Qf6 14. Qg4 Bxf5 15. exf5 g6 16. Nh5 Qxf5 17. Qxf5 gxf5 18. Bh6 Ne7 19. Bxf8 Kxf8 20. Rad1 f4 21. d4 Bb6 22. dxe5 Nxe5 23. Nxf4 Kg7 24. Rfe1 Rg8 25. Kf1 Kf8 26. Nd5 Nxd5 27. Rxd5 Rg6 28. f4 Nd7 29. Rf5 Rg7 30. Ba4 c6 31. b4 Rg3 32. Bb3 Rg7 33. Re6 Bc7 34. Rh6 Ke7 35. Kf2 a5 36. a3 axb4 37. axb4 f6 38. Rfh5 Nf8 39. Bc2 Bb6+ 40. Kf3 c5 41. Bxh7 cxb4 42. cxb4 Ne6 43. Rg6 Rf7 44. Bg8 Nd4+ 45. Ke4 f5+ 46. Kd5 Nc2 47. Bxf7 Ne3# 0-1

[Event "NB2 Barcza csoport"]
[Site "Debrecen"]
[Date "2024.12.01"]
[Round "3.12"]
[White "Barna, Peter"]
[Black "Gal, Andras"]
[Result "1-0"]
[WhiteElo "1880"]
[BlackElo "1700"]
[PlyCount "95"]
[GameId "2119382788558522"]
[EventDate "2024.11.03"]
[EventType "team-tourn"]
[EventRounds "9"]
[EventCountry "HUN"]
[Source "chess.hu"]
[WhiteTeam "Karsol-DSBK"]
[BlackTeam "M.Sportisk-KisBocsok"]
[WhiteTeamCountry "HUN"]
[BlackTeamCountry "HUN"]

1. e4 c6 2. d4 d5 3. e5 Bf5 4. h4 h5 5. Bd3 Bxd3 6. Qxd3 e6 7. Bg5 Be7 8. Nf3 Nh6 9. Nbd2 Nd7 10. c4 Nf5 11. c5 f6 12. Bf4 fxe5 13. Nxe5 Nxe5 14. Bxe5 Bf6 15. Nf3 O-O 16. g3 Qa5+ 17. Qc3 Qxc3+ 18. bxc3 b5 19. Bxf6 gxf6 20. Kd2 Kf7 21. Ne1 a5 22. a4 b4 23. Nc2 bxc3+ 24. Kxc3 Rab8 25. Rab1 e5 26. Rb6 Rxb6 27. cxb6 Rb8 28. Rb1 Ke6 29. dxe5 fxe5 30. Na1 Kd6 31. Kd2 Nd4 32. Nc2 Ne6 33. Ne1 Nc5 34. Ke2 Nxa4 35. Ra1 Nxb6 36. Rxa5 Rc8 37. Ra7 Nd7 38. Nf3 e4 39. Nd4 Rc7 40. Nf5+ Ke6 41. Rxc7 Kxf5 42. Rxd7 Ke5 43. Rh7 c5 44. Rxh5+ Kd4 45. g4 c4 46. Kd2 c3+ 47. Kc2 Kc4 48. Rxd5 1-0

[Event "NB2 Barcza csoport"]
[Site "Miskolc"]
[Date "2024.12.01"]
[Round "3.1"]
[White "Kiss, Pal"]
[Black "Farkas, Istvan"]
[Result "1-0"]
[WhiteElo "2239"]
[BlackElo "2023"]
[PlyCount "99"]
[GameId "2119389852995186"]
[EventDate "2024.11.03"]
[EventType "team-tourn"]
[EventRounds "9"]
[EventCountry "HUN"]
[Source "chess.hu"]
[WhiteTeam "CLUB-MATE Edeleny 1"]
[BlackTeam "DVTK II."]
[WhiteTeamCountry "HUN"]
[BlackTeamCountry "HUN"]

1. d4 d5 2. c4 e6 3. Nf3 Nf6 4. g3 Be7 5. Bg2 O-O 6. O-O c6 7. Qc2 b6 8. b3 Bb7 9. Rd1 Nbd7 10. Nc3 Rc8 11. e4 Nxe4 12. Nxe4 dxe4 13. Qxe4 Ba8 14. Qe2 Re8 15. Bf4 Bf6 16. Bd6 Be7 17. Bxe7 Qxe7 18. Rd2 c5 19. Rad1 h6 20. dxc5 Nxc5 21. Ne5 Bxg2 22. Kxg2 Qb7+ 23. Qf3 Qxf3+ 24. Kxf3 f6 25. Nd3 Nxd3 26. Rxd3 Kf7 27. Ke3 Re7 28. Rd8 Rxd8 29. Rxd8 Rc7 30. Kd3 Ke7 31. Rg8 Kd6 32. b4 e5 33. Rd8+ Ke6 34. a4 f5 35. Rd5 g5 36. a5 g4 37. axb6 axb6 38. Kc3 h5 39. Rd8 Rd7 40. Rb8 Ra7 41. b5 Ra2 42. Rxb6+ Kd7 43. c5 Rxf2 44. Rd6+ Kc8 45. b6 Rf1 46. c6 Rb1 47. c7 Kb7 48. Rd8 Rc1+ 49. Kd2 Rc4 50. Rb8+ 1-0

[Event "NB2 Barcza csoport"]
[Site "Miskolc"]
[Date "2024.12.01"]
[Round "3.2"]
[White "Torok, Marton Dr."]
[Black "Vodila, Martin Botond"]
[Result "0-1"]
[WhiteElo "1946"]
[BlackElo "2219"]
[PlyCount "76"]
[GameId "2119389890846338"]
[EventDate "2024.11.03"]
[EventType "team-tourn"]
[EventRounds "9"]
[EventCountry "HUN"]
[Source "chess.hu"]
[WhiteTeam "DVTK II."]
[BlackTeam "CLUB-MATE Edeleny 1"]
[WhiteTeamCountry "HUN"]
[BlackTeamCountry "HUN"]

1. d4 Nf6 2. c4 g6 3. Nc3 d5 4. Nf3 Bg7 5. e3 O-O 6. Qc2 Nc6 7. a3 Bf5 8. Bd3 Bxd3 9. Qxd3 Re8 10. cxd5 Nxd5 11. Qb5 Nb6 12. O-O a6 13. Qb3 e5 14. dxe5 Nxe5 15. Nxe5 Bxe5 16. Qc2 Qf6 17. Bd2 Qc6 18. Rac1 Rad8 19. b3 Bxh2+ 20. Kxh2 Qd6+ 21. Kg1 Qxd2 22. Rfd1 Qxc2 23. Rxc2 Rxd1+ 24. Nxd1 c6 25. f3 a5 26. Kf2 f5 27. Rc5 Rd8 28. Ke2 a4 29. bxa4 Nxa4 30. Rc4 Rxd1 31. Rxa4 Rg1 32. Kf2 Rb1 33. Rb4 Rxb4 34. axb4 Kf7 35. e4 fxe4 36. fxe4 Ke6 37. Ke3 Ke5 38. g4 h5 0-1

[Event "NB2 Barcza csoport"]
[Site "Miskolc"]
[Date "2024.12.01"]
[Round "3.3"]
[White "Dudas, Peter"]
[Black "Adam, Zoltan"]
[Result "1/2-1/2"]
[WhiteElo "2154"]
[BlackElo "1883"]
[PlyCount "50"]
[GameId "2119389930110610"]
[EventDate "2024.11.03"]
[EventType "team-tourn"]
[EventRounds "9"]
[EventCountry "HUN"]
[Source "chess.hu"]
[WhiteTeam "CLUB-MATE Edeleny 1"]
[BlackTeam "DVTK II."]
[WhiteTeamCountry "HUN"]
[BlackTeamCountry "HUN"]

1. e4 c6 2. e5 d5 3. exd6 exd6 4. d4 Bf5 5. Nc3 d5 6. Bd3 Bg6 7. Nge2 Bd6 8. Bf4 Nf6 9. Qd2 Bxd3 10. Qxd3 Bxf4 11. Nxf4 Qd6 12. Qg3 Nbd7 13. O-O-O O-O-O 14. Qf3 Nb6 15. Nd3 Nc4 16. Rhe1 Rhe8 17. Qf5+ Kc7 18. h3 b6 19. g4 g6 20. Qf3 Rxe1 21. Rxe1 Rd7 22. Qe2 Rd8 23. Qf3 Rd7 24. Re5 Re7 25. Qf4 Qd8 1/2-1/2

[Event "NB2 Barcza csoport"]
[Site "Miskolc"]
[Date "2024.12.01"]
[Round "3.4"]
[White "Torok, Vilmos"]
[Black "Molnar, Laszlo"]
[Result "0-1"]
[WhiteElo "1823"]
[BlackElo "2085"]
[PlyCount "52"]
[GameId "2119389970480802"]
[EventDate "2024.11.03"]
[EventType "team-tourn"]
[EventRounds "9"]
[EventCountry "HUN"]
[Source "chess.hu"]
[WhiteTeam "DVTK II."]
[BlackTeam "CLUB-MATE Edeleny 1"]
[WhiteTeamCountry "HUN"]
[BlackTeamCountry "HUN"]

1. e4 e5 2. Nf3 Nc6 3. Nc3 Nf6 4. Be2 d5 5. exd5 Nxd5 6. Nxd5 Qxd5 7. d3 Be7 8. Be3 O-O 9. Qd2 Bf5 10. O-O Rad8 11. a3 Rd6 12. c4 Qe6 13. Bc5 Rd7 14. Bxe7 Qxe7 15. Qe3 Rfd8 16. Rfd1 h6 17. b4 Nd4 18. Nxd4 Rxd4 19. Rd2 Qg5 20. Qxg5 hxg5 21. Rad1 e4 22. c5 exd3 23. Bf1 Rc4 24. f3 Rc3 25. a4 a5 26. b5 Rc4 0-1

[Event "NB2 Barcza csoport"]
[Site "Miskolc"]
[Date "2024.12.01"]
[Round "3.5"]
[White "Kristof, Peter"]
[Black "Gyorgy, Balazs"]
[Result "1-0"]
[WhiteElo "2077"]
[BlackElo "1804"]
[PlyCount "53"]
[GameId "2119390008528562"]
[EventDate "2024.11.03"]
[EventType "team-tourn"]
[EventRounds "9"]
[EventCountry "HUN"]
[Source "chess.hu"]
[WhiteTeam "CLUB-MATE Edeleny 1"]
[BlackTeam "DVTK II."]
[WhiteTeamCountry "HUN"]
[BlackTeamCountry "HUN"]

1. e4 e6 2. d4 d5 3. Nd2 Nf6 4. e5 Nfd7 5. Bd3 c5 6. c3 Nc6 7. Ne2 Be7 8. O-O O-O 9. f4 f5 10. Nf3 h6 11. Kh1 Kh7 12. g4 g6 13. Rg1 Nb6 14. Be3 cxd4 15. Nexd4 Nxd4 16. Bxd4 Rg8 17. Qe2 fxg4 18. Rxg4 Nd7 19. Qg2 Nf8 20. Rg1 Qe8 21. Qh3 Bd7 22. Be3 Bb5 23. Bxb5 Qxb5 24. f5 h5 25. fxg6+ Kg7 26. Qxh5 Rh8 27. Qxh8+ 1-0

[Event "NB2 Barcza csoport"]
[Site "Miskolc"]
[Date "2024.12.01"]
[Round "3.6"]
[White "Juhasz, Sandor"]
[Black "Ladanyi, Tibor"]
[Result "0-1"]
[WhiteElo "1825"]
[BlackElo "2054"]
[PlyCount "106"]
[GameId "2119390050471618"]
[EventDate "2024.11.03"]
[EventType "team-tourn"]
[EventRounds "9"]
[EventCountry "HUN"]
[Source "chess.hu"]
[WhiteTeam "DVTK II."]
[BlackTeam "CLUB-MATE Edeleny 1"]
[WhiteTeamCountry "HUN"]
[BlackTeamCountry "HUN"]

1. d4 Nf6 2. c4 g6 3. g3 c6 4. Bg2 d5 5. Nf3 Bg7 6. O-O O-O 7. b3 Ne4 8. Bb2 Be6 9. cxd5 cxd5 10. h3 Nc6 11. Nc3 Nxc3 12. Bxc3 f6 13. Nd2 Bf7 14. e3 e5 15. Re1 e4 16. b4 Rc8 17. Nb3 b6 18. b5 Ne7 19. Bb4 Re8 20. Bxe7 Rxe7 21. Qd2 Rec7 22. Rec1 Bf8 23. Rxc7 Rxc7 24. Rc1 Ba3 25. Rxc7 Qxc7 26. Na1 Be8 27. Nc2 Bd6 28. a4 Qc4 29. Bf1 Qxa4 30. Qc3 Bd7 31. Kg2 Kf7 32. Qb2 Ke7 33. Be2 f5 34. f4 Ke6 35. g4 Qa5 36. Kf2 Qd2 37. Kf1 Qa5 38. g5 Bc8 39. Qa1 Bd7 40. Qxa5 bxa5 41. Ke1 Ke7 42. Kd2 Kd8 43. Kc3 Kc7 44. Kb3 Kb6 45. Na3 Bb4 46. h4 Bd2 47. Nc2 Be8 48. Ka3 Bxb5 49. Bxb5 Kxb5 50. Kb2 Kc4 51. Na3+ Kd3 52. Nb5 Bxe3 53. Nd6 Bxd4+ 0-1

[Event "NB2 Barcza csoport"]
[Site "Miskolc"]
[Date "2024.12.01"]
[Round "3.7"]
[White "Bako, Martin"]
[Black "Matyas, Imre Dr."]
[Result "1/2-1/2"]
[WhiteElo "1985"]
[BlackElo "1855"]
[PlyCount "42"]
[GameId "2119390289284898"]
[EventDate "2024.11.03"]
[EventType "team-tourn"]
[EventRounds "9"]
[EventCountry "HUN"]
[Source "chess.hu"]
[WhiteTeam "CLUB-MATE Edeleny 1"]
[BlackTeam "DVTK II."]
[WhiteTeamCountry "HUN"]
[BlackTeamCountry "HUN"]

1. d4 d5 2. c4 dxc4 3. Nc3 Nf6 4. e3 Bg4 5. f3 Bh5 6. Bxc4 e6 7. Nge2 Be7 8. Qb3 Qc8 9. O-O O-O 10. e4 Nc6 11. Bb5 Na5 12. Qa4 b6 13. b4 a6 14. Bd3 Nb7 15. Bxa6 Nc5 16. bxc5 Rxa6 17. Qc4 bxc5 18. dxc5 Nd7 19. Be3 Ra5 20. Rfc1 Bxc5 21. Bxc5 Rxc5 1/2-1/2

[Event "NB2 Barcza csoport"]
[Site "Miskolc"]
[Date "2024.12.01"]
[Round "3.8"]
[White "Lorincz, Otto"]
[Black "Kiraly, Lilla Virag"]
[Result "0-1"]
[WhiteElo "1876"]
[BlackElo "1985"]
[PlyCount "87"]
[GameId "2119390251020050"]
[EventDate "2024.11.03"]
[EventType "team-tourn"]
[EventRounds "9"]
[EventCountry "HUN"]
[Source "chess.hu"]
[WhiteTeam "DVTK II."]
[BlackTeam "CLUB-MATE Edeleny 1"]
[WhiteTeamCountry "HUN"]
[BlackTeamCountry "HUN"]

1. Nf3 c5 2. c4 Nc6 3. d4 cxd4 4. Nxd4 g6 5. e4 Bg7 6. Nxc6 bxc6 7. Nc3 d6 8. Be2 Nf6 9. O-O O-O 10. Be3 Be6 11. Re1 Nd7 12. Qd2 Ne5 13. b3 Qa5 14. Rac1 Rfd8 15. f4 Nd7 16. Bf3 Nf6 17. Qe2 Rac8 18. Red1 Nd7 19. Bd4 Bxd4+ 20. Rxd4 Nf6 21. h3 Qc5 22. Kf2 Qa3 23. Rcd1 a5 24. e5 Ne8 25. Qd2 Qb4 26. Kg1 c5 27. Rd3 Bf5 28. Be4 Bd7 29. Qc2 Bc6 30. Bxc6 Rxc6 31. Nb5 a4 32. bxa4 Qa5 33. exd6 Nxd6 34. Nc3 Ra8 35. Qb3 Rb6 36. Nb5 Qxa4 37. Qxa4 Rxa4 38. Nxd6 exd6 39. Rxd6 Rb2 40. R6d5 Rxc4 41. R5d2 Rbb4 42. g3 Ra4 43. Kh2 Ra3 44. Rg2 0-1

[Event "NB2 Barcza csoport"]
[Site "Miskolc"]
[Date "2024.12.01"]
[Round "3.9"]
[White "Juhasz, Bela"]
[Black "Revai, Akos"]
[Result "1-0"]
[WhiteElo "2038"]
[BlackElo "1759"]
[PlyCount "77"]
[GameId "2119390211333890"]
[EventDate "2024.11.03"]
[EventType "team-tourn"]
[EventRounds "9"]
[EventCountry "HUN"]
[Source "chess.hu"]
[WhiteTeam "CLUB-MATE Edeleny 1"]
[BlackTeam "DVTK II."]
[WhiteTeamCountry "HUN"]
[BlackTeamCountry "HUN"]

1. d4 e6 2. c4 c6 3. Nf3 d5 4. Qc2 h6 5. g3 Bd6 6. Bg2 Ne7 7. O-O Na6 8. a3 Ng6 9. b4 Bd7 10. Bb2 Rc8 11. Nbd2 h5 12. h4 Nc7 13. e4 O-O 14. Rfe1 Be7 15. Nf1 f5 16. exf5 exf5 17. c5 Rf6 18. Ne5 Nxe5 19. Rxe5 Qf8 20. Bh3 Be6 21. Rae1 Qf7 22. Qe2 Rf8 23. Nh2 Qg6 24. Bc1 f4 25. Bxe6+ Nxe6 26. Rxe6 fxg3 27. fxg3 Qxg3+ 28. Qg2 Qxg2+ 29. Kxg2 Rf2+ 30. Kg1 Bxh4 31. R1e2 Kh7 32. Bd2 R2f7 33. Be3 g5 34. Kg2 Kg7 35. a4 Kh7 36. b5 Rf6 37. Rxf6 Rxf6 38. Nf3 cxb5 39. axb5 1-0

[Event "NB2 Barcza csoport"]
[Site "Miskolc"]
[Date "2024.12.01"]
[Round "3.10"]
[White "Herczeg, Benedek"]
[Black "Farkas, Csaba"]
[Result "0-1"]
[WhiteElo "1773"]
[BlackElo "2000"]
[PlyCount "54"]
[GameId "2119390175223538"]
[EventDate "2024.11.03"]
[EventType "team-tourn"]
[EventRounds "9"]
[EventCountry "HUN"]
[Source "chess.hu"]
[WhiteTeam "DVTK II."]
[BlackTeam "CLUB-MATE Edeleny 1"]
[WhiteTeamCountry "HUN"]
[BlackTeamCountry "HUN"]

1. e4 b6 2. Nc3 Bb7 3. Bc4 e6 4. d3 Nf6 5. Bg5 Be7 6. Bxf6 Bxf6 7. Qd2 O-O 8. Nf3 d5 9. exd5 exd5 10. Bb3 Re8+ 11. Ne2 Bxb2 12. Rb1 Bf6 13. O-O d4 14. Ne1 Qd6 15. Ng3 g6 16. Ba4 Nd7 17. f4 Bh4 18. Qf2 Re3 19. Nf3 Bxf3 20. gxf3 Nc5 21. Bb5 a6 22. Bc4 h5 23. Bb3 Qxf4 24. Bd5 Rd8 25. Be4 f5 26. Bc6 Qd6 27. Qg2 Bxg3 0-1

[Event "NB2 Barcza csoport"]
[Site "Miskolc"]
[Date "2024.12.01"]
[Round "3.11"]
[White "Berecz, Kristof"]
[Black "Toth, Kinga"]
[Result "1-0"]
[WhiteElo "1877"]
[BlackElo "1672"]
[PlyCount "87"]
[GameId "2119390131490530"]
[EventDate "2024.11.03"]
[EventType "team-tourn"]
[EventRounds "9"]
[EventCountry "HUN"]
[Source "chess.hu"]
[WhiteTeam "CLUB-MATE Edeleny 1"]
[BlackTeam "DVTK II."]
[WhiteTeamCountry "HUN"]
[BlackTeamCountry "HUN"]

1. e4 c5 2. b3 Nc6 3. Bb2 d6 4. Nc3 a6 5. Nf3 e5 6. Be2 g6 7. Nd5 Bg7 8. c4 Nf6 9. d3 O-O 10. O-O Ne8 11. Nd2 f5 12. f4 Nd4 13. Bxd4 exd4 14. Bf3 Nf6 15. exf5 gxf5 16. Nxf6+ Rxf6 17. Bd5+ Kh8 18. Qf3 Rb8 19. Rae1 b5 20. Re2 Bd7 21. Rfe1 Rh6 22. g3 Qf8 23. Re7 Be8 24. Ra7 Bh5 25. Qf2 Qc8 26. Nf3 bxc4 27. Bxc4 Qc6 28. Ng5 d5 29. Bxa6 Qb6 30. Ree7 Bg6 31. Rxg7 Re8 32. Rgb7 Qa5 33. Nf7+ Bxf7 34. Rxf7 Qe1+ 35. Qxe1 Rxe1+ 36. Kf2 Re8 37. Rfe7 Rg8 38. Kg2 Rb8 39. Bb7 Rb6 40. Bxd5 Rh6 41. Ra8 Rxa8 42. Bxa8 Ra6 43. Bd5 Rxa2+ 44. Kh3 1-0

[Event "NB2 Barcza csoport"]
[Site "Miskolc"]
[Date "2024.12.01"]
[Round "3.12"]
[White "Kovacs, Mate"]
[Black "Galko, Attila"]
[Result "0-1"]
[WhiteElo "1557"]
[BlackElo "1909"]
[PlyCount "94"]
[GameId "2119390094384850"]
[EventDate "2024.11.03"]
[EventType "team-tourn"]
[EventRounds "9"]
[EventCountry "HUN"]
[Source "chess.hu"]
[WhiteTeam "DVTK II."]
[BlackTeam "CLUB-MATE Edeleny 1"]
[WhiteTeamCountry "HUN"]
[BlackTeamCountry "HUN"]

1. d4 d5 2. Nf3 Nf6 3. c4 c6 4. g3 e6 5. cxd5 exd5 6. Bg2 Bd6 7. O-O O-O 8. Bg5 Re8 9. Re1 h6 10. Bxf6 Qxf6 11. h4 Nd7 12. a3 Nb6 13. Nbd2 Bf5 14. Rc1 Be4 15. e3 Qg6 16. Kh2 Qh5 17. Kg1 Re6 18. Nxe4 dxe4 19. Nd2 Qxd1 20. Rexd1 f5 21. Bf1 g5 22. hxg5 hxg5 23. Nc4 Nd5 24. Be2 Kg7 25. Kg2 f4 26. exf4 gxf4 27. gxf4 Bxf4 28. Ra1 Rh8 29. Rg1 Rg6+ 30. Kf1 Kf6 31. Ne3 Rxg1+ 32. Kxg1 Bxe3 33. fxe3 Nxe3 34. Kf2 Nf5 35. Rd1 Rh2+ 36. Ke1 e3 37. Rd3 Rh1+ 38. Bf1 Ng3 39. Rxe3 Rxf1+ 40. Kd2 Nf5 41. Re8 Rf4 42. Kc3 Rf3+ 43. Kb4 Nxd4 44. Kc5 Ne6+ 45. Kb4 c5+ 46. Kc4 b5+ 47. Kxb5 Nc7+ 0-1